000 00592nam a2200205Ia 4500
003 IN-BaIIA
008 211028s9999 xx 000 0 eng d
020 _a0-08-024648-6
040 _cIIA Library
080 _a523.481
_bWHY
100 _aWhyte, A. J.
_911738
245 4 _aThe planet pluto
_cA. J. Whyte
260 _aToronto
_bPergamon Press
_c1980
300 _axi, 147p.
650 _aAstronomy and astrophysics thesaurus
650 _aPlanet pluto
_911549
650 _aPlanetary systems
_9965
650 _aSolar system
942 _cBK
999 _c6849
_d6849